00794nam a2200205 i 450000100060000000300090000600500170001500700030003200800410003510000420007624501200011825000150023826000410025330000220029470000440031674000570036085200320041799900170044995201220046639900ES-MaACL20250804063357.0t|030304s1968 sp ||||1| cat d1 aCandel, Francisco, d1925-200793444810aTrenta mil pessetes per un home, i altres narracions / cFrancesc Candel ; traducció de Ramón Folch i Camarasa. a[1ª ed.]. aMadrid, etc. : bAlfaguara, c[1968] a239 p. ; c21 cm.1 aFolch i Camarasa, Ramon, d1926-9514500 a30000 mil pessetes per un home, i altres narracions. aES-MaACLjC-36960 bR.68332 c39900d39900 00104070aATENEOMbATENEOMcDEPO2d2008-01-17eSCl0oC-36960p1042015r2023-02-23 00:00:00w2023-02-23yMONOGRAFIA